[Event "Mittelrhein Verbandsliga West 1920"]
[Site "Mittelrhein"]
[Date "2019.09.29"]
[Round "1.6"]
[White "Weymans, Alexander"]
[Black "Kadric, Fahrudin"]
[Result "1-0"]
[WhiteElo "1646"]
[BlackElo "1720"]
[PlyCount "67"]
[EventDate "2019.09.29"]
[EventType "team-tourn"]
[EventRounds "9"]
[EventCountry "GER"]
[SourceTitle "EXT 2023"]
[Source "ChessBase"]
[SourceDate "2022.10.05"]
[SourceVersion "1"]
[SourceVersionDate "2022.10.05"]
[SourceQuality "1"]
[WhiteTeam "Kerpen SK"]
[BlackTeam "Brand SF"]
[WhiteTeamCountry "GER"]
[BlackTeamCountry "GER"]

1. c4 Nf6 2. g3 g6 3. Bg2 Bg7 4. Nc3 d6 5. e4 e5 6. d3 0-0 7. Nge2 Be6 8. 0-0 Nc6 9. h3 Qc8 10. Kh2 Ne7 11. f4 Nd7 12. Nd5 Bxd5 13. exd5 f5 14. Be3 exf4 15. Nxf4 Bxb2 16. Rb1 Bf6 17. Ne6 Rf7 18. Qd2 Nf8 19. Nd4 h6 20. Rbe1 g5 21. Bg1 Neg6 22. Nxf5 Kh7 23. Ne7 Nxe7 24. Rxe7 Rxe7 25. Rxf6 Ng6 26. Be4 Rxe4 27. dxe4 Ne5 28. Bd4 Qe8 29. Qf2 Qh5 30. Qf5+ Kg8 31. g4 Nxg4+ 32. Qxg4 Qxg4 33. hxg4 Re8 34. Re6 1-0

[Event "Mittelrhein Verbandsliga-W 18/19"]
[Site "Nordrheinwestfalen"]
[Date "2018.09.30"]
[Round "2.6"]
[White "Weymans, Alexander"]
[Black "Offermanns, Robert"]
[Result "0-1"]
[WhiteElo "1659"]
[BlackElo "1689"]
[PlyCount "72"]
[EventDate "2018.09.02"]
[EventType "team-tourn"]
[EventRounds "11"]
[EventCountry "GER"]
[SourceTitle "EXT 2022"]
[Source "ChessBase"]
[SourceDate "2021.10.06"]
[SourceVersion "1"]
[SourceVersionDate "2021.10.06"]
[SourceQuality "1"]
[WhiteTeam "Kerpen SK"]
[BlackTeam "Brand SF"]
[WhiteTeamCountry "GER"]
[BlackTeamCountry "GER"]

1. c4 c5 2. g3 g6 3. Bg2 Bg7 4. Nc3 d6 5. e4 Bd7 6. Nge2 Nc6 7. d3 Rb8 8. 0-0 h5 9. h4 Nh6 10. Rb1 a6 11. Nd5 0-0 12. Bg5 f6 13. Bd2 Nf7 14. f4 e6 15. Ne3 f5 16. Bc3 Nd4 17. Bxd4 cxd4 18. Nc2 e5 19. Nb4 Nh6 20. Nd5 Ng4 21. b4 b6 22. Bf3 fxe4 23. Bxe4 Bf5 24. Bxf5 gxf5 25. Qb3 Kh8 26. Qd1 Qd7 27. Rc1 Rfc8 28. Qe1 b5 29. cxb5 Rxb5 30. Rxc8+ Qxc8 31. Ne7 Qd7 32. Nxf5 Qxf5 33. fxe5 Qxe5 34. Qc1 Qe3+ 35. Qxe3 dxe3 36. Rf3 Rxb4 0-1

[Event "Mittelrhein Verbandsliga-W 18/19"]
[Site "Nordrheinwestfalen"]
[Date "2018.09.02"]
[Round "1.6"]
[White "Spies, Ulrich"]
[Black "Weymans, Alexander"]
[Result "1-0"]
[WhiteElo "1877"]
[BlackElo "1659"]
[PlyCount "119"]
[EventDate "2018.09.02"]
[EventType "team-tourn"]
[EventRounds "11"]
[EventCountry "GER"]
[SourceTitle "EXT 2022"]
[Source "ChessBase"]
[SourceDate "2021.10.06"]
[SourceVersion "1"]
[SourceVersionDate "2021.10.06"]
[SourceQuality "1"]
[WhiteTeam "Eschweiler SC"]
[BlackTeam "Kerpen SK"]
[WhiteTeamCountry "GER"]
[BlackTeamCountry "GER"]

1. e4 e6 2. d4 d5 3. exd5 exd5 4. Nf3 Bd6 5. Bd3 Nc6 6. Bg5 f6 7. Bh4 Bg4 8. 0-0 Nge7 9. c3 Qd7 10. Nbd2 0-0-0 11. Qa4 Nf5 12. Bb5 Kb8 13. Bxc6 Qxc6 14. Qxc6 bxc6 15. Bg3 Nxg3 16. fxg3 Rhe8 17. Rfe1 c5 18. Kf2 Kc8 19. h3 Bxf3 20. Nxf3 Kd7 21. g4 Rxe1 22. Rxe1 Re8 23. Rxe8 Kxe8 24. dxc5 Bf4 25. Ke2 Bc1 26. b4 Kd7 27. Kd3 Bf4 28. c4 dxc4+ 29. Kxc4 c6 30. a4 a6 31. Nd4 g6 32. b5 cxb5+ 33. axb5 axb5+ 34. Kxb5 Bc7 35. Kc4 h5 36. gxh5 gxh5 37. Kd5 h4 38. c6+ Ke7 39. Nf5+ Kf7 40. Nxh4 Kg7 41. Ke6 Bb8 42. Kd7 Kh6 43. c7 Bxc7 44. Kxc7 Kg5 45. g3 f5 46. Ng2 Kh5 47. Kd6 Kg5 48. Ke5 Kg6 49. Kf4 Kf6 50. Ne3 Kg6 51. Nxf5 Kh5 52. g4+ Kg6 53. g5 Kh7 54. Nh4 Kg7 55. Kf5 Kf7 56. g6+ Kg7 57. Kg5 Kg8 58. Kh6 Kh8 59. g7+ Kg8 60. Ng2 1-0

[Event "Mittelrhein Verbandsliga-W 17/18"]
[Site "Nordrheinwestfalen"]
[Date "2018.02.04"]
[Round "7.7"]
[White "Bock, Luca"]
[Black "Weymans, Alexander"]
[Result "1/2-1/2"]
[WhiteElo "1665"]
[BlackElo "1610"]
[PlyCount "52"]
[EventDate "2017.09.10"]
[EventType "team-tourn"]
[EventRounds "11"]
[EventCountry "GER"]
[SourceTitle "EXT 2022"]
[Source "ChessBase"]
[SourceDate "2021.10.06"]
[SourceVersion "1"]
[SourceVersionDate "2021.10.06"]
[SourceQuality "1"]
[WhiteTeam "Herzogenrath"]
[BlackTeam "Kerpen SK"]
[WhiteTeamCountry "GER"]
[BlackTeamCountry "GER"]

1. e4 c5 2. Nf3 Nc6 3. d4 cxd4 4. Nxd4 g6 5. Be3 Bg7 6. Nc3 Nf6 7. f3 d5 8. Bb5 Bd7 9. exd5 Nb4 10. d6 Nfd5 11. Nxd5 Nxd5 12. Bxd7+ Qxd7 13. Bf2 Qxd6 14. 0-0 a6 15. c3 0-0 16. Re1 e5 17. Nb3 Rfd8 18. Qe2 Nf4 19. Qc2 Qc6 20. Rad1 Bf6 21. Nc5 Rxd1 22. Rxd1 Rd8 23. Rxd8+ Bxd8 24. Nd3 Nxd3 25. Qxd3 Bb6 26. b3 Kf8 1/2-1/2

[Event "Mittelrhein Verbandsliga-W 17/18"]
[Site "Nordrheinwestfalen"]
[Date "2017.10.01"]
[Round "2.5"]
[White "Yanes, Adrian"]
[Black "Weymans, Alexander"]
[Result "1/2-1/2"]
[WhiteElo "1716"]
[BlackElo "1610"]
[PlyCount "70"]
[EventDate "2017.09.10"]
[EventType "team-tourn"]
[EventRounds "11"]
[EventCountry "GER"]
[SourceTitle "EXT 2022"]
[Source "ChessBase"]
[SourceDate "2021.10.06"]
[SourceVersion "1"]
[SourceVersionDate "2021.10.06"]
[SourceQuality "1"]
[WhiteTeam "Aachen SV III"]
[BlackTeam "Kerpen SK"]
[WhiteTeamCountry "GER"]
[BlackTeamCountry "GER"]

1. e4 c5 2. Nf3 Nc6 3. Bb5 e6 4. 0-0 Nge7 5. c3 a6 6. Bxc6 bxc6 7. d4 cxd4 8. cxd4 d5 9. Nc3 Ng6 10. Re1 Be7 11. Be3 0-0 12. Rc1 Bd7 13. Nd2 dxe4 14. Ncxe4 f5 15. d5 cxd5 16. Nc5 e5 17. Nxd7 Qxd7 18. Bc5 Bxc5 19. Rxc5 Rac8 20. Nb3 d4 21. Qd3 e4 22. Qc4+ Kh8 23. Rxc8 Rxc8 24. Qxd4 Qxd4 25. Nxd4 Ne5 26. Kf1 g6 27. b3 Rd8 28. Ne6 Rd6 29. Nc5 Rc6 30. b4 a5 31. a3 axb4 32. axb4 Rb6 33. Rb1 Kg7 34. Ke2 Nc6 35. b5 Nd4+ 1/2-1/2